Türkiye Cumhuriyeti Anayasası (Record no. 5396)

MARC details
000 -BAŞLIK
Sabit Uzunlukta Kontrol Alanı 01047na a2200289 4500
001 - KONTROL NUMARASI
Denetim Alanı 18421
003 - KONTROL NUMARASI IDENTIFIER
Denetim Alanı MIRAKIL
005 - SON İŞLEM TARİHİ VE ZAMANI
Denetim Alanı 20181213155035.0
008 - SABİT-BOY VERİ ELEMANLARI - GENEL BİLGİLER
Sabit Uzunlukta Kontrol Alanı 161118b tu 000 0
040 ## - KATALOGLAMA KAYNAK
Orijinal Kataloglama Ajansı Milas
Kataloglama Dili tur
Metne Dönüştürmek Ajansı TR-AnCHP
041 ## - DİL KODU
Metin / Ses Parça Veya Ayrı Başlığın Dil Kodu tur
082 ## - DEWEY ONLU SINIFLANDIRMA NUMARASI
Sınıflandırma Numarası 342.02
Ürün Numarası T12a 2003
090 ## - SINIFLAMA NUMARASI
Sınıflama Numarası 342.02 T12a 2003
110 ## - ANA GİRİŞ - KURUMSAL ADI
Giriş Elemanı Olarak Kurumsal Ad Veya Yargı Alanı Adı T.C. Anayasa
240 ## - ÜNİFORM BAŞLIK
Üniforma Başlık <a href="[Anayasa 1980]">[Anayasa 1980]</a>
245 ## - BAŞLIK TABLOSU
Başlık Türkiye Cumhuriyeti Anayasası
Sorumluluk Tablosu, Vb TBMM Kanunlar ve Kararlar Müdürlüğü
260 ## - YAYIN, DAĞITIM, VB
Yayın, Dağıtım, Vb Yeri Ankara
Yayıncı, Dağıtıcı, Vs Adı TBMM Kanunlar ve Kararlar Müdürlüğü
Yayın, Dağıtım, Vb Tarihi 2003
300 ## - FİZİKSEL TANIM
Kapsam 105 s.
Boyutlar 16 sm.
500 ## - GENEL NOT
Genel Not Dış kapakta yapıt adı: TBMM Kanunlar ve Kararlar Müdürlüğü ve Türkiye Büyük Millet Meclisi İçtüzüğü
610 ## - KONU KATMA GİRİŞ - TOPLANTI ADI
Giriş Elemanı Olarak Kurumsal Ad Veya Yargı Alanı Adı TBMM
Alt Birim İç tüzük
650 ## - KONU KATMA GİRİŞ - TOPİKAL DÖNEM
Topikal Süreli Veya Coğrafi Ad Giriş Elemanı Yasalar
Genel Alt Bölümü Anayasa
Coğrafi Alt Bölümü Türkiye
650 ## - KONU KATMA GİRİŞ - TOPİKAL DÖNEM
Topikal Süreli Veya Coğrafi Ad Giriş Elemanı Anayasa hukuku
Genel Alt Bölümü İç tüzük
Coğrafi Alt Bölümü Türkiye
650 ## - KONU KATMA GİRİŞ - TOPİKAL DÖNEM
Topikal Süreli Veya Coğrafi Ad Giriş Elemanı Anayasa hukuku
Coğrafi Alt Bölümü Türkiye
710 ## - KATMA GİRİŞ - KURUMSAL ADI
Giriş Elemanı Olarak Kurumsal Ad Veya Yargı Alanı Adı TBMM Kanunlar ve Kararlar Müdürlüğü
740 ## - KATMA GİRİŞ - KONTROLSUZ İLGİLİ / ANALİTİK BAŞLIK
Kontrol Edilmeyen / İlgili Analitik Başlıktaki TBMM Kanunlar ve Kararlar Müdürlüğü ve Türkiye Büyük Millet Meclisi İçtüzüğü
942 ## - EKLENDİ GİRİŞ ELEMANLARI (KOHA)
Sınıflandırma Veya Raf Düzeni Kaynak Dewey Decimal Classification
Koha Öğesi Türü Books
999 ## - SİSTEM KONTROL NUMARALARI (KOHA)
Koha Biblionumber 5396
Koha Biblioitemnumber 5396
Holdings
Kalıcı Konum Mevcut Konum Edinme Tarihi Edinim Kaynak Toplam Check-Out'Lar Tam Çağrı Numarası Barkod Tarih Son Görülme İtibaren Geçerli Fiyatlar Koha Öğesi Türü
CHP Kütüphanesi CHP Kütüphanesi 11/18/2016 Bağış   342.02 T12a 2003 009541 11/18/2016 11/18/2016 Books